MARC

LEADER 00000nam0a2200000 4500
001 183007
005 20231031171436.0
035 |a (RuTPU)RU\TPU\book\198382 
090 |a 183007 
100 |a 20100630d1966 k y0rusy50 ca 
101 1 |a rus  |c eng 
102 |a RU 
105 |a a z 001zy 
200 1 |a Химическая термодинамика  |e пер. с англ.  |f И. Пригожин, Р. Дефэй 
210 |a Новосибирск  |c Наука  |d 1966 
215 |a 509 с.  |c ил. 
320 |a Библиография в конце глав. 
320 |a Именной и предметный указатель: 491-509. 
610 1 |a химическая термодинамика 
610 1 |a термодинамические переменные 
610 1 |a сохранение энергии 
610 1 |a возрастание энтропии 
610 1 |a химическое сродство 
610 1 |a химические потенциалы 
610 1 |a идеальные системы 
610 1 |a системы сравнения 
610 1 |a теорема Нернста 
610 1 |a идеальные газы 
610 1 |a реальные газы 
610 1 |a конденсированные фазы 
610 1 |a теорема Дюгема 
610 1 |a термодинамическая устойчивость 
610 1 |a модерация 
610 1 |a равновесные процессы 
610 1 |a растворы 
610 1 |a жидкость-пар 
610 1 |a раствор-кристалл 
610 1 |a регулярные растворы 
610 1 |a атермальные растворы 
610 1 |a электролиты 
610 1 |a азеотропия 
610 1 |a безразличные состояния 
675 |a 544.3  |v 3 
700 1 |a Пригожин  |b И. 
701 1 |a Дефэй  |b Р. 
801 1 |a RU  |b 63413507  |c 20100630 
801 2 |a RU  |b 63413507  |c 20130724  |g RCR 
942 |c BK